| 000 | 00794nam a2200229 a 4500 | ||
|---|---|---|---|
| 001 | 000039684 | ||
| 005 | 20240704121453.0 | ||
| 008 | 130716s2013 dr 000 p spa d | ||
| 020 | _a9789945491081 | ||
| 040 |
_aDO-SdBNP _bspa _cBNPHU |
||
| 082 |
_aRD861.44 _bJ61c |
||
| 100 | 1 |
_aJiménez Guilamo, Francisco _965880 |
|
| 245 | 1 | 0 |
_aCuaderno de poemas / _cFrancisco Jiménez Guilamo ; prólogo Pedro Mendoza. |
| 260 |
_aSantiago de los Caballeros : _bPalabra Multimedia, _c2013. |
||
| 300 |
_a59 p. ; _c23 cm. |
||
| 500 | _aIncluye datos biográficos del autor en las solapas | ||
| 590 | _aInventariado, 2018/LP | ||
| 650 | 0 |
_aPoesía dominicana _966 |
|
| 650 | 0 |
_aLiteratura dominicana. _967 |
|
| 700 | 1 | 2 |
_aMendoza, Pedro _d1946- _epról. _965881 |
| 910 | _aValidado. Control de calidad MFF | ||
| 999 |
_c39174 _d39174 |
||